| 000 | 01507nam a2200313Ia 4500 | ||
|---|---|---|---|
| 999 |
_c53511 _d53511 |
||
| 001 | 20557 | ||
| 003 | GE_BSU | ||
| 005 | 20210218224628.0 | ||
| 008 | 181216s2010||||ge |||||||||||||| ||geo|| | ||
| 020 | _a9994005626 | ||
| 040 | _cGE_BSU | ||
| 041 | _ageo | ||
| 080 | _a616.1/9 ბ-97 | ||
| 100 |
_aბურკაძე, გ. _910143 |
||
| 245 |
_aზოგადი პათოლოგიის საფუძვლები : მოკლე კურსი : _bსახელმძღვ. / _cგ. ბურკაძე, გ. ტურაშვილი ; რედ. : ზაზა ავალიანი, მეორე გამოც. რედ. რ. ჩიხლაძე. |
||
| 250 | _aმე-2 გამოცემა | ||
| 264 |
_aთბილისი : _bშპს ზეკარი, _c2010. |
||
| 300 |
_a144 გვ. : _bილ. ; _c30 სმ. |
||
| 504 | _aბიბლიოგრ. : გვ. 142-144 | ||
| 541 | _h13ლ. 50თ. | ||
| 546 | _aპარალ. სათ. ინგლისურ ენაზე | ||
| 653 | _aზოგადი პათოლოგიის საფუძვლები | ||
| 653 | _aმედიცინა | ||
| 653 | _aსახელმძღვანელო | ||
| 700 |
_aტურაშვილი, გ. _eავტორი _910144 |
||
| 700 |
_aავალიანი, ზაზა _eრედაქტორი _910145 |
||
| 700 |
_aჩიხლაძე, რ. _eრედაქტორი _910146 |
||
| 942 |
_cBK _2udc |
||